00490nam a2200193 a 4500001001300000003000900013005001700022008004100039020001000080082001800090100001400108245003600122260004800158300000800206500003500214505001500249650001800264700001400282nice12345678IN_TiNIC20260116012602.0050524s1961 laha grp 000 0 urd  ac10000a220.9505bBIL aBilqis, A aPatrasb Rasoolaon Ki Kahaniyan aLahorebPunjab Religious Booksociety c1961 a24p aincludes index and biblioraphy2 aRoman Urdu aBible Stories1 aBilqis, A